Estatísticas para Todos os meses em 45 segundos

Clique aqui para jogar o quiz

Estatísticas Gerais

  • Esse quiz foi jogado 339 vezes
  • A pontuação média é 12 de 12

Estatísticas das Respostas

DicaMês% Correto
2Fevereiro
99%
1Janeiro
99%
3Março
99%
4Abril
98%
7Julho
98%
6Junho
98%
8Agosto
97%
5Maio
96%
9Setembro
96%
11Novembro
94%
10Outubro
94%
12Dezembro
91%

Distribuição das Pontuações

Percentil de Números Respondidos

Porcentagem de Pessoas com Cada Pontuação

Sua Pontuação Histórica

Você não jogou esse quiz